<?xml version="1.0" encoding="UTF-8"?>
<record
    xmlns:xsi="http://www.w3.org/2001/XMLSchema-instance"
    xsi:schemaLocation="http://www.loc.gov/MARC21/slim http://www.loc.gov/standards/marcxml/schema/MARC21slim.xsd"
    xmlns="http://www.loc.gov/MARC21/slim">

  <leader>00344nam a2200121Ia 4500</leader>
  <controlfield tag="008">191201s2018    xx            000 0 und d</controlfield>
  <datafield tag="100" ind1=" " ind2=" ">
    <subfield code="a">WAUGH, Anne</subfield>
  </datafield>
  <datafield tag="245" ind1=" " ind2="0">
    <subfield code="a">Ross and Wilson Anatomy and Physiology in Health and Illness</subfield>
  </datafield>
  <datafield tag="260" ind1=" " ind2=" ">
    <subfield code="b">Elsevier</subfield>
    <subfield code="a">New Delhi</subfield>
    <subfield code="c">2018</subfield>
  </datafield>
  <datafield tag="300" ind1=" " ind2=" ">
    <subfield code="a">560</subfield>
  </datafield>
  <datafield tag="650" ind1=" " ind2=" ">
    <subfield code="a">Human Anatomy &amp; Physiology</subfield>
  </datafield>
  <datafield tag="942" ind1=" " ind2=" ">
    <subfield code="2">ddc</subfield>
    <subfield code="c">BK</subfield>
    <subfield code="0">49</subfield>
  </datafield>
  <datafield tag="999" ind1=" " ind2=" ">
    <subfield code="c">8420</subfield>
    <subfield code="d">8420</subfield>
  </datafield>
  <datafield tag="952" ind1=" " ind2=" ">
    <subfield code="0">0</subfield>
    <subfield code="1">0</subfield>
    <subfield code="2">ddc</subfield>
    <subfield code="4">0</subfield>
    <subfield code="7">0</subfield>
    <subfield code="8">DP</subfield>
    <subfield code="a">PIET</subfield>
    <subfield code="b">PIET</subfield>
    <subfield code="d">2019-09-03</subfield>
    <subfield code="e">Kirti Prakashan</subfield>
    <subfield code="g">1160.00</subfield>
    <subfield code="k">IN4776</subfield>
    <subfield code="l">46</subfield>
    <subfield code="o">612 ROA</subfield>
    <subfield code="p">DP840</subfield>
    <subfield code="r">2025-07-14 00:00:00</subfield>
    <subfield code="s">2025-07-04</subfield>
    <subfield code="v">812.00</subfield>
    <subfield code="w">2019-09-03</subfield>
    <subfield code="y">BK</subfield>
  </datafield>
  <datafield tag="952" ind1=" " ind2=" ">
    <subfield code="0">0</subfield>
    <subfield code="1">0</subfield>
    <subfield code="2">ddc</subfield>
    <subfield code="4">0</subfield>
    <subfield code="7">0</subfield>
    <subfield code="8">DP</subfield>
    <subfield code="a">PIET</subfield>
    <subfield code="b">PIET</subfield>
    <subfield code="c">R03</subfield>
    <subfield code="d">2019-09-03</subfield>
    <subfield code="e">Kirti Prakashan</subfield>
    <subfield code="g">1160.00</subfield>
    <subfield code="k">IN4776</subfield>
    <subfield code="l">9</subfield>
    <subfield code="o">612 ROA</subfield>
    <subfield code="p">DP841</subfield>
    <subfield code="r">2026-05-25 11:51:55</subfield>
    <subfield code="s">2026-05-11</subfield>
    <subfield code="v">812.00</subfield>
    <subfield code="w">2019-09-03</subfield>
    <subfield code="y">BK</subfield>
  </datafield>
  <datafield tag="952" ind1=" " ind2=" ">
    <subfield code="0">0</subfield>
    <subfield code="1">0</subfield>
    <subfield code="2">ddc</subfield>
    <subfield code="4">0</subfield>
    <subfield code="7">0</subfield>
    <subfield code="8">DP</subfield>
    <subfield code="a">PIET</subfield>
    <subfield code="b">PIET</subfield>
    <subfield code="d">2019-09-03</subfield>
    <subfield code="e">Kirti Prakashan</subfield>
    <subfield code="g">1160.00</subfield>
    <subfield code="k">IN4776</subfield>
    <subfield code="l">54</subfield>
    <subfield code="o">612 ROA</subfield>
    <subfield code="p">DP842</subfield>
    <subfield code="r">2026-06-03 12:19:42</subfield>
    <subfield code="s">2026-05-20</subfield>
    <subfield code="v">812.00</subfield>
    <subfield code="w">2019-09-03</subfield>
    <subfield code="y">BK</subfield>
  </datafield>
  <datafield tag="952" ind1=" " ind2=" ">
    <subfield code="0">0</subfield>
    <subfield code="1">0</subfield>
    <subfield code="2">ddc</subfield>
    <subfield code="4">0</subfield>
    <subfield code="7">0</subfield>
    <subfield code="8">DP</subfield>
    <subfield code="a">PIET</subfield>
    <subfield code="b">PIET</subfield>
    <subfield code="d">2019-09-03</subfield>
    <subfield code="e">Kirti Prakashan</subfield>
    <subfield code="g">1160.00</subfield>
    <subfield code="k">IN4776</subfield>
    <subfield code="l">14</subfield>
    <subfield code="o">612 ROA</subfield>
    <subfield code="p">DP843</subfield>
    <subfield code="q">2022-07-21</subfield>
    <subfield code="r">2022-07-07 00:00:00</subfield>
    <subfield code="s">2022-07-07</subfield>
    <subfield code="v">812.00</subfield>
    <subfield code="w">2019-09-03</subfield>
    <subfield code="y">BK</subfield>
  </datafield>
</record>
